| 000 | 00618nam a2200217Ia 4500 | ||
|---|---|---|---|
| 008 | 160319s9999 xx 000 0 und d | ||
| 020 | _a971-08-6778-4 | ||
| 050 | _aFIL PE 1112 | ||
| 050 | _b.E54 2007 c.2 | ||
| 245 | _aEnglish plus for Asian students / | ||
| 245 | _cJose R. Joven ...[et al] | ||
| 260 | _aMandaluyong: | ||
| 260 | _bNational Book Store, | ||
| 260 | _c2007 | ||
| 300 | _a207 pages : | ||
| 300 | _billustrations ; | ||
| 300 | _c22 cm. | ||
| 500 | _aIncludes bibliographical references. | ||
| 650 | _aEnglish language -- Grammar and composition. | ||
| 650 | _xEnglish language -- Usage. | ||
| 999 |
_c291736 _d291736 |
||